| 000 | 01550nam a22002897a 4500 | ||
|---|---|---|---|
| 001 | 5460 | ||
| 003 | FISKH | ||
| 005 | 20241209152304.0 | ||
| 008 | 241209b cb ||||| |||| 00| 0 eng d | ||
| 020 | _a9780545607353 | ||
| 040 |
_aFISKH _beng _cFISKH _dFISKH |
||
| 050 | _aPS1018.K78 | ||
| 082 | _a813.4 | ||
| 100 | _aKrull, Kathleen | ||
| 245 |
_aLouisa May's battles : _bhow the Civil War led to little women / _cby Kathleen Krull : illustrated by Carlyn Beccia |
||
| 260 |
_aNew York : _bScholastic ; _c2013. |
||
| 300 |
_a43 unnumbered pages : _bcolor illustrations, maps ; _c29 cm . |
||
| 505 | _aZ | ||
| 520 | _a"Louisa May Alcott is best known for penning Little Women, but few are aware of the experience that influenced her writing most-her time as a nurse during the Civil War. Caring for soldiers' wounds and writing letters home for them inspired a new realism in her work. When her own letters home were published as Hospital Sketches, she had her first success as a writer. The acclaim for her new writing style inspired her to use this approach in Little Women, which was one of the first novels to be set during the Civil War. It was the book that made her dreams come true, and a story she could never have written without the time she spent healing others in service of her country." - Amazon. | ||
| 521 | 8 |
_a1040
_bLexile |
|
| 521 | 8 |
_aZ
_bRaz-Plus |
|
| 650 |
_abiography _vFiction |
||
| 650 |
_aCilvil War _vFiction |
||
| 700 |
_aBeccia, Carlyn _eillustraor |
||
| 942 |
_2ddc _cBK _n0 |
||
| 999 |
_c5460 _d5460 |
||